000 00631nam a2200205Ia 4500
008 191130s2004##################000#0#eng##
020 _a9780851997445
040 _aACL
_cACL
082 _a338.13 SWI
245 _aA bond scheme for common agricultural policy reform
_cedited by Alan Swinbank and Richard Tranter
260 _aWallingford, UK
_bCABI Publishing
_c2004
300 _axiv, 187 p. : ill ; 23 cm
500 _aIncludes Index
650 _aAgricultural economics
700 _aSwinbank, Alan
700 _aTranter, Richard
990 _a9a7baf2aac10000c59e4be671a47567b
991 _a209373
999 _c339488
_d339488